Rodzaje chmur - quiz - Statystyki

Ogólne statystyki
  • Ten quiz został rozwiązany 7 960 razy
  • Średni wynik to 8 z 10
Statystyki odpowiedzi
Obrazkowy Odpowiedź % Poprawnych
Cirrus
97%
Cumulus
96%
Stratus
87%
Nimbostratus
83%
Cirrostratus
79%
Altocumulus
76%
Cumulonimbus
75%
Cirrocumulus
71%
Altostratus
68%
Stratocumulus
67%
Nie znaleziono quizów pasujących do podanych kryteriów
Rozkład punktacji
Procent ludzi z każdym wynikiem
Percentyl według liczby udzielonych odpowiedzi
Twoja historia wyników
Nie rozwiązałeś tego quizu